| 000 | 00454nam a22001697a 4500 | ||
|---|---|---|---|
| 005 | 20160613105015.0 | ||
| 008 | 160613b xxu||||| |||| 00| 0 eng d | ||
| 020 | _a978-81259-4000-5 | ||
| 041 | _aeng | ||
| 082 | _b7144 | ||
| 100 |
_aJeyapoovan T _91761 |
||
| 245 | _aEngineering Drawing and graphics cring auto cad | ||
| 260 |
_aNew Delhi _bVikas Publishing House (P) Ltd. _c2010 |
||
| 300 | _a686 | ||
| 650 |
_aDIPLOMA ENGINEERING _9817 |
||
| 942 | _cBK | ||
| 999 |
_c2477 _d2476 |
||